Практические дополнения избирателей к наказу Губкома В.К.П.(б), Губисполкома и Губпрофсовета для включения в план работы Горсовета по городе Твери на 1928-29 год и для включения в проект бюджета на 1929-30 год. Ч. 1: Биохимические автоматы (Запись № 7688922)

Подробности
000 -МАРКЕР
контрольное поле 01194nam2a22002531 4500
001 - ИДЕНТИФИКАТОР ЗАПИСИ
контрольное поле rc\3766675
005 - ИДЕНТИФИКАТОР ВЕРСИИ
контрольное поле 20250530042903.0
035 ## - ДРУГИЕ СИСТЕМНЫЕ НОМЕРА
Идентификатор записи (NLR Aleph) 007218094
100 ## - ДАННЫЕ ОБЩЕЙ ОБРАБОТКИ
Данные общей обработки 20120127d1975 |||y0rusy50 ca
101 0# - ЯЗЫК РЕСУРСА
Язык текста, звукозаписи и т.д. русский
102 ## - СТРАНА ПУБЛИКАЦИИ ИЛИ ПРОИЗВОДСТВА
Страна публикации Российская Федерация
105 ## - ПОЛЕ КОДИРОВАННЫХ ДАННЫХ: ТЕКСТОВЫЕ МАТЕРИАЛЫ, МОНОГРАФИЧЕСКИЕ
Кодированные данные о монографическом текстовом документе y z |||||
200 1# - ЗАГЛАВИЕ И СВЕДЕНИЯ ОБ ОТВЕТСТВЕННОСТИ
Основное заглавие Биохимические автоматы
210 ## - ПУБЛИКАЦИЯ, РАСПРОСТРАНЕНИЕ И ДР.
Дата издания, распространения и т.д. 1975
Место издания, распространения и т.д. Б. м.
215 ## - ФИЗИЧЕСКАЯ ХАРАКТЕРИСТИКА
Специфическое обозначение материала и объем 48 с.
225 1# - СЕРИЯ
Основное заглавие серии ...
Обозначение тома Вып. 5
320 ## - ПРИМЕЧАНИЯ О НАЛИЧИИ В ДОКУМЕНТЕ БИБЛИОГРАФИИ / УКАЗАТЕЛЯ
Текст примечания Библиогр.: с. 45-48
461 #0 - УРОВЕНЬ НАБОРА
Встроенное поле 001rc\2586162
-- 2001#$vЧ. 1
Системный номер (АБИС) связанной записи 5739829
Автор ВКП(б). Тверской губернский комитет
Место публикации Тверь
Дата публикации 1929
Первые сведения об ответственности Тверск. горсовет...
Имя издателя, распространителя и т.д. гостип. им. К. Маркса
Физическая характеристика 105 с.
Заглавие Практические дополнения избирателей к наказу Губкома В.К.П.(б), Губисполкома и Губпрофсовета для включения в план работы Горсовета по городе Твери на 1928-29 год и для включения в проект бюджета на 1929-30 год
Номер тома Ч. 1
801 #0 - ИСТОЧНИК ЗАПИСИ
Страна Российская Федерация
Организация NLR
Правила каталогизации psbo
801 #1 - ИСТОЧНИК ЗАПИСИ
Страна Российская Федерация
Организация ELAR
Источник данных rusmarc
852 ## - МЕСТОНАХОЖДЕНИЕ И ШИФР ХРАНЕНИЯ
Идентификатор организации NLR
Шифр хранения (Call Number) П16/1192
942 ## - ДОПОЛНИТЕЛЬНЫЕ ЭЛЕМЕНТЫ ЗАПИСИ (АБИС)
Тип экземпляра АБИС Книга
980 ## - КОЛЛЕКЦИЯ
Название коллекции Национальная библиография
Экземпляры
Тип экземпляра Дата поступления Библиотека постоянного хранения Библиотека текущего хранения Место хранения Шифр хранения Штрих-код Статус экземпляра
Книга 26.10.2013 РНБ (Московский) РНБ (Московский) Русский журнальный фонд П16/1192 7218094-10